000 00820nam a2200253Ia 4500
003 OSt
005 20220926015847.0
006 a|||||r|||| 00| 0
007 ta
008 220923b |||||||| |||| 00| 0 eng d
020 _a027556150x
037 _cGeneral Book
040 _aRTL
_cRTL
_beng
041 _2eng
_aeng
082 _aX:77.58.N7, L5.1
100 _aFallenbuchl Zbigniew M. Ed.
_9323214
245 0 _aEconomic development in the Soviet Union and Easte volum 2
260 _aNew York
_bPraeger Publishers U. S. A.
_c1975
300 _axvii,409p.
_ccm.
490 _aPraeger special studies in international politics and government
650 _aEconomic Development
_917300
942 _hX:77.58.N7, L5.1
_cGB
_2CC
999 _c632650
_d632650